|
|
|
|
| LEADER |
00000nab a2200000 a 4500 |
| 001 |
vtls000576136 |
| 003 |
SK-MaSNL |
| 005 |
20260426062710.0 |
| 008 |
160202c1996 xo 0 slo |
| 015 |
|
|
|a SNBRB19rr/mm-uuuuu
|
| 035 |
|
|
|a CL0576274
|
| 040 |
|
|
|a SNKBUCL
|b slo
|c SNKBUCL
|e AACR2
|
| 041 |
0 |
|
|a slo
|
| 044 |
|
|
|a xo
|c SK
|
| 080 |
|
|
|a 943.76(=924)(048)
|2 1981
|
| 080 |
|
|
|a 296(437.6)(048)
|2 1981
|
| 080 |
|
|
|a 323.15(437.6=924)(048)
|2 1981
|
| 100 |
1 |
|
|a Čúzy, Ladislav,
|d 1950-
|4 aut
|9 226174
|
| 245 |
1 |
0 |
|a Zo života bratislavskej židovskej komunity
|c Ladislav Čúzy
|
| 650 |
0 |
7 |
|a Židia
|2 SNKPH
|9 3760
|
| 651 |
|
7 |
|a Bratislava (Slovensko)
|2 SNKPHgeo
|9 14568
|
| 655 |
|
7 |
|a články z novín a časopisov
|2 snkbucl
|9 267496
|
| 700 |
1 |
|
|a Grünsfeld, Joseph
|4 aut
|9 1282487
|
| 773 |
0 |
|
|t Slovenské pohľady
|g Roč. 4+112, č. 2 (1996), s. 146-147
|
| 787 |
0 |
8 |
|i Rec.:
|a Benyovszky, Karl
|t Obrázky z prešporského geta
|d Bratislava : SNM - Múzeum židovskej kultúry, 1993
|
| 850 |
|
|
|a Slovenská národná knižnica v Martine
|a MTA001
|
| 852 |
|
|
|a SNK
|b KIS3GCP
|
| 958 |
|
|
|a RK
|
| 958 |
|
|
|a SK
|
| 992 |
|
|
|a RBX
|
| 999 |
|
|
|c 2548563
|d 2550493
|